| 000 | 01850nam a2200409 c 4500 | ||
|---|---|---|---|
| 001 | 60725 | ||
| 003 | CO-BoRNBP | ||
| 005 | 20260317165327.0 | ||
| 007 | ta | ||
| 008 | 210802r20102019ck a0 scr 0j 00s fdspa d | ||
| 020 | _a9789587051643 | ||
| 040 |
_aCO-BoRNBP _bspa _erda _cCO-BoRNBP |
||
| 041 | 0 | _aspa | |
| 043 | _as-ck--- | ||
| 084 | _aN | ||
| 100 | 1 | 0 |
_aDíaz, Gloria Cecilia, _d1951- _eaut _946089 |
| 245 | 1 | 3 |
_aEl valle de los cocuyos / _cGloria Cecilia Díaz ; ilustraciones de Claudia Rueda. |
| 250 |
_aSegunda edición _bDécima reimpresión |
||
| 264 | 1 |
_aBogotá, Colombia : _bEdiciones SM, _c2019 |
|
| 300 |
_a79 páginas : _bilustraciones a color |
||
| 336 |
_atexto _btxt _2rdacontent |
||
| 337 |
_asin mediación _bn _2rdamedia |
||
| 338 |
_avolumen _bnc _2rdacarrier |
||
| 490 | 0 |
_aEl barco de vapor. Naranja _a9/C |
|
| 500 | _aEl material correspondiente a la dotación PNLB 2022 con código FRURAL-2022-00028, corresponde a la décima reimpresión de 2019 | ||
| 500 | _aEl material correspondiente a la dotación PNLB 2022 con código RURAL-2022-00063, corresponde a la novena reimpresión de 2019 | ||
| 500 | _aEl material correspondiente a la dotación PNLB 2022 con código URBANA-2022-00103, corresponde a la sexta reimpresión de 2016 | ||
| 521 | _aRecomendado para un público mayor de 12 años | ||
| 545 | _aIncluye datos biográficos de la autora al final del texto | ||
| 586 | _aAutora galardonada con el Premio Barco de Vapor, 1985. II Premio Iberoamericano SM de Literatura Infantil y Juvenil, 2006 | ||
| 650 | 1 | 7 |
_aFantasía _vNovela _2lemb _91762 |
| 650 | 1 | 7 |
_aHistorias de aventuras _vNovela _2lemb _91711 |
| 650 | 1 | 7 |
_aLiteratura juvenil Colombiana _ySiglo XX _2rnbp _91585 |
| 650 | 1 | 7 |
_aNovela juvenil colombiana _ySiglo XX _2rnbp _91584 |
| 700 | 1 | 0 |
_aRueda, Claudia, _d1965- , _eill _938212 |
| 942 |
_2loc _cBKLIT |
||
| 999 |
_c60725 _d60725 |
||